1322 1789 1377 1243 1799 1318 1846 1999 1516 1440 1677 1858 1067 1415 1000 1696 1853 1279 1529 1715 1463 1250 1130 1046 1805 1924 1369 1732 1453 1397 1728 1778 1577 1811 1579 1434 1558 1350 1934 1335 1884 1220 1040 1690 1098 1948 1178 1407 1781 1862 1743 1402 1980 1991 1148 1652 1585 1284 1824 1117 1060 1749 1790 1994 1373 1931 1150 1417 1085 1044 1733 1265 1569 1943 1523 1315 1125 1822 1219 1485 1671 1709 1749 1952 1532 1067 1692 1583 1882 1654 1585 1988 1032 1624 1624 1846 1525 1115 1680 BCNSPRNW ULIB Ver.6.0+V

เปลี่ยนเป็นภาษาไทย

Change to English
 แสดงรายละเอียดบรรณานุกรม
  กลับหน้าหลัก

Brief Record : Get Marc (ISO 2709) : E-mail record : QR code < ปิดหน้าต่าง
LEADER : 00000nam 2200000uu 4500
001    13399112293
003     ULIB
008    110426s2550||||th 000 0 tha d
020    9749557600
060  4 W13^bว579พ ล.1 2550
100 0  วิทย์ เที่ยงบูรณธรรม
245 10 พจนานุกรมแพทยศาสตร์ 1 =^bMedical Dictionary 1/^cวิทย์ เที่ยงบูรณธรรม
246 31 Medical Dictionary 1
260    กรุงเทพฯ :^bอักษรพิทยา,^c2550
300    1,289 หน้า
650  7 ศัพท์การแพทย์
650  7 แพทย์^xพจนานุกรม
945    ^p1100^l0^i023900
995    ทศพร
999 ^a ใช้งานได้ทุกระบบ
รายการนี้ยังไม่มีแท็ก
คุณยังไม่ได้ล็อกอิน คุณสามารถมีกิจกรรมร่วมกับเว็บไซต์ได้ แต่ต้องล็อกอินก่อน ::
  ล็อกอิน

รายการสื่อสารสนเทศ

ลำดับที่ ประเภท เลขเรียก/บาร์โค้ด สถานที่ สถานะ
- ไม่พบข้อมูล -

รายการใกล้เคียง
    ผู้แต่ง [วิทย์ เที่ยงบูรณธรรม]

    หัวเรื่อง [ศัพท์การแพทย์]

BibComment


ยังไม่เคยถูกคอมเมนท์

คอมเมนท์ทรัพยากรรายการนี้
  คอมเมนท์: พจนานุกรมแพทยศาสต..


 Copyright 2026. Bcnsprnw @Library